01731nam a2200325 a 4500001001200000003000800012006001900020007001500039008004100054010001700095020002600112020001800138020001800156040002100174035002100195050002700216082002100243100002800264245015900292260007200451300002300523504006400546505042100610533015201031650003301183655002901216710001701245856012601262999001701388ebr10298069CaPaEBRm u cr cn|||||||||081224s2009 enka sb 001 0 eng d z 2008055189 z9780470062067 (cloth) z9780470062074 z9780470065457 aCaPaEBRcCaPaEBR a(OCoLC)61353594314aRC552.E18bR623 2009eb04a616.85/262062221 aRobinson, Paul H.,cDr.10aSevere and enduring eating disorder (SEED)h[electronic resource] :bmanagement of complex presentations of anorexia and bulimia nervosa /cPaul Robinson. aChichester, West Sussex ;aMalden, Mass. :bWiley-Blackwell,c2009. axv, 168 p. :bill. aIncludes bibliographical references (p. 157-162) and index.0 aPsychiatric issues in the assessment and management of SEED -- Medical dilemmas -- Social and occupational aspects -- Family life with SEED -- The care programme approach and seed -- A pilot case series using qualitative and quantitative methods : biological, psychological, and social outcome in severe and enduring eating disorder (anorexia nervosa) -- A comparison of SEED with schizophrenia -- 99 research ideas. aElectronic reproduction.bPalo Alto, Calif. :cebrary,d2013.nAvailable via World Wide Web.nAccess may be limited to ebrary affiliated libraries. 0aEating disordersxTreatment. 7aElectronic books.2local2 aebrary, Inc.40uhttp://site.ebrary.com/lib/rucke/Doc?id=10298069zAn electronic book accessible through the World Wide Web; click to view c64836d64836